[Event "Wroclaw Open"]
[Site "?"]
[Date "2017.08.16"]
[Round "3.14"]
[White "Marko, Piotr"]
[Black "Kanarkiewicz, Michal"]
[Result "0-1"]
[BlackElo "2034"]
[WhiteElo "1794"]
[LiveChessVersion "1.4.6"]

1. e4 {[%clk 1:30:55]} c5 {[%clk 1:30:25]} 2. Nf3 {[%clk 1:31:21]} d6
{[%clk 1:30:49]} 3. d4 {[%clk 1:31:46]} cxd4 {[%clk 1:31:14]} 4. Nxd4
{[%clk 1:32:12]} Nf6 {[%clk 1:31:36]} 5. Nc3 {[%clk 1:32:35]} a6 {[%clk 1:32:02]}
6. Bg5 {[%clk 1:32:45]} e6 {[%clk 1:24:19]} 7. f4 {[%clk 1:32:59]} Qc7
{[%clk 1:24:42]} 8. Bxf6 {[%clk 1:32:49]} gxf6 {[%clk 1:25:08]} 9. Be2
{[%clk 1:32:51]} Nc6 {[%clk 1:20:03]} 10. Bh5 {[%clk 1:31:42]} Qb6
{[%clk 1:14:04]} 11. Nde2 {[%clk 1:17:58]} Qc5 {[%clk 1:05:19]} 12. g4
{[%clk 0:49:57]} Bd7 {[%clk 0:49:58]} 13. Qd2 {[%clk 0:46:42]} Na5
{[%clk 0:48:47]} 14. b3 {[%clk 0:42:53]} b5 {[%clk 0:42:23]} 15. f5
{[%clk 0:39:26]} Ke7 {[%clk 0:41:11]} 16. b4 {[%clk 0:33:23]} Qe5
{[%clk 0:41:21]} 17. bxa5 {[%clk 0:33:27]} b4 {[%clk 0:41:49]} 18. O-O
{[%clk 0:13:55]} bxc3 {[%clk 0:41:59]} 19. Nxc3 {[%clk 0:14:10]} Rc8
{[%clk 0:39:42]} 20. Nd5+ {[%clk 0:07:53]} exd5 {[%clk 0:33:43]} 21. exd5
{[%clk 0:08:03]} Kd8 {[%clk 0:33:59]} 22. Bxf7 {[%clk 0:03:59]} Qc3
{[%clk 0:34:15]} 23. Qxc3 {[%clk 0:03:17]} Rxc3 {[%clk 0:34:42]} 24. Rf2
{[%clk 0:02:05]} Bh6 {[%clk 0:32:23]} 25. Re2 {[%clk 0:01:57]} Be3+
{[%clk 0:32:43]} 26. Kf1 {[%clk 0:02:01]} Bb5 {[%clk 0:33:00]} 27. Rb1
{[%clk 0:00:54]} Bxe2+ {[%clk 0:32:46]} 28. Kxe2 {[%clk 0:01:19]} Kc7
{[%clk 0:33:12]} 29. Rb3 {[%clk 0:01:29]} Rxb3 {[%clk 0:29:14]} 30. axb3
{[%clk 0:01:54]} Bf4 {[%clk 0:29:42]} 31. Kd3 {[%clk 0:00:42]} Bxh2
{[%clk 0:29:39]} 32. b4 {[%clk 0:00:33]} Rf8 {[%clk 0:28:02]} 33. Be6
{[%clk 0:00:42]} Rb8 {[%clk 0:28:29]} 34. c3 {[%clk 0:00:36]} Kd8
{[%clk 0:27:18]} 35. Kc4 {[%clk 0:00:42]} Rb7 {[%clk 0:27:46]} 36. Kb3
{[%clk 0:00:38]} Rg7 {[%clk 0:28:14]} 37. c4 {[%clk 0:00:33]} Rxg4
{[%clk 0:28:26]} 38. b5 {[%clk 0:00:35]} axb5 {[%clk 0:28:10]} 39. cxb5
{[%clk 0:00:40]} Bg1 {[%clk 0:28:27]} 40. b6 {[%clk 0:00:56]} h5 {[%clk 0:28:50]}
41. Bf7 {[%clk 0:00:34]} h4 {[%clk 0:29:08]} 42. Bh5 {[%clk 0:00:46]} Rf4
{[%clk 0:29:20]} 0-1

[Event "Wroclaw Open"]
[Site "?"]
[Date "2017.08.16"]
[Round "3.15"]
[White "Dowgird, Filip"]
[Black "Witkowski, Krzysztof"]
[Result "1-0"]
[BlackElo "1809"]
[WhiteElo "2271"]
[LiveChessVersion "1.4.6"]

1. e4 {[%clk 1:30:57]} c5 {[%clk 1:30:56]} 2. Nf3 {[%clk 1:31:22]} Nc6
{[%clk 1:31:22]} 3. Bb5 {[%clk 1:31:48]} g6 {[%clk 1:31:39]} 4. Bxc6
{[%clk 1:32:05]} dxc6 {[%clk 1:32:03]} 5. h3 {[%clk 1:32:11]} Bg7
{[%clk 1:32:11]} 6. d3 {[%clk 1:32:35]} Nf6 {[%clk 1:32:12]} 7. Nc3
{[%clk 1:32:49]} O-O {[%clk 1:31:27]} 8. Be3 {[%clk 1:33:13]} Nd7
{[%clk 1:31:12]} 9. Qd2 {[%clk 1:32:56]} e5 {[%clk 1:28:39]} 10. Na4
{[%clk 1:24:39]} b6 {[%clk 1:26:51]} 11. a3 {[%clk 1:24:11]} Re8 {[%clk 1:25:18]}
12. O-O {[%clk 1:23:07]} Nf8 {[%clk 1:22:45]} 13. b4 {[%clk 1:23:26]} cxb4
{[%clk 1:22:34]} 14. axb4 {[%clk 1:23:51]} Bb7 {[%clk 1:22:48]} 15. Ra2
{[%clk 1:21:23]} Ne6 {[%clk 1:22:50]} 16. Rfa1 {[%clk 1:21:07]} Nd4
{[%clk 1:21:27]} 17. Nxd4 {[%clk 1:19:28]} exd4 {[%clk 1:21:41]} 18. Bg5
{[%clk 1:17:08]} Qd7 {[%clk 1:17:13]} 19. Nb2 {[%clk 1:16:43]} b5
{[%clk 1:06:22]} 20. Rxa7 {[%clk 1:13:37]} Rxa7 {[%clk 1:06:15]} 21. Rxa7
{[%clk 1:14:01]} Ra8 {[%clk 1:06:20]} 22. Rxa8+ {[%clk 1:14:26]} Bxa8
{[%clk 1:06:46]} 23. Nd1 {[%clk 1:13:33]} Qd6 {[%clk 1:02:31]} 24. Qe1
{[%clk 1:07:59]} c5 {[%clk 1:01:07]} 25. bxc5 {[%clk 1:07:34]} Qxc5
{[%clk 1:01:02]} 26. Qd2 {[%clk 1:07:59]} Bc6 {[%clk 0:57:47]} 27. Qc1
{[%clk 1:00:43]} b4 {[%clk 0:46:21]} 28. Bd2 {[%clk 0:57:31]} Ba4
{[%clk 0:35:34]} 29. Nb2 {[%clk 0:57:56]} Bxc2 {[%clk 0:35:24]} 30. Bxb4
{[%clk 0:58:11]} Qxb4 {[%clk 0:35:00]} 31. Qxc2 {[%clk 0:58:35]} Qe1+
{[%clk 0:35:09]} 32. Kh2 {[%clk 0:58:59]} Qc3 {[%clk 0:35:25]} 33. Qe2
{[%clk 0:59:14]} Be5+ {[%clk 0:35:15]} 34. g3 {[%clk 0:59:38]} f6
{[%clk 0:32:26]} 35. Nc4 {[%clk 0:58:50]} Bc7 {[%clk 0:32:16]} 36. Qa2
{[%clk 0:57:10]} Qb4 {[%clk 0:28:09]} 37. Nb6+ {[%clk 0:53:40]} Kg7
{[%clk 0:25:42]} 38. Nd5 {[%clk 0:53:43]} Qb8 {[%clk 0:23:40]} 39. h4
{[%clk 0:52:20]} g5 {[%clk 0:20:06]} 40. hxg5 {[%clk 0:52:11]} fxg5
{[%clk 0:20:24]} 41. Ne7 {[%clk 0:50:52]} Be5 {[%clk 0:18:47]} 42. Qe6
{[%clk 0:50:23]} Kf8 {[%clk 0:14:28]} 43. Nc6 {[%clk 0:49:54]} Qd6
{[%clk 0:13:20]} 44. Qxd6+ {[%clk 0:47:45]} Bxd6 {[%clk 0:13:42]} 45. Nxd4 1-0

[Event "Wroclaw Open"]
[Site "?"]
[Date "2017.08.16"]
[Round "3.16"]
[White "Slacky, Stanislav"]
[Black "Borowski, Przemyslaw"]
[Result "1/2-1/2"]
[BlackElo "1759"]
[WhiteElo "2210"]
[LiveChessVersion "1.4.6"]

1. d4 {[%clk 1:30:55]} Nf6 {[%clk 1:30:55]} 2. c4 {[%clk 1:31:20]} e6
{[%clk 1:31:15]} 3. Nf3 {[%clk 1:31:41]} a6 {[%clk 1:31:11]} 4. g3
{[%clk 1:31:49]} b5 {[%clk 1:31:27]} 5. b3 {[%clk 1:31:08]} Bb7 {[%clk 1:30:10]}
6. Bg2 {[%clk 1:31:28]} bxc4 {[%clk 1:26:44]} 7. bxc4 {[%clk 1:31:42]} c5
{[%clk 1:25:55]} 8. Ba3 {[%clk 1:28:07]} Qa5+ {[%clk 1:19:59]} 9. Qd2
{[%clk 1:28:09]} Qxd2+ {[%clk 1:18:36]} 10. Nbxd2 {[%clk 1:28:36]} cxd4
{[%clk 1:11:57]} 11. Bxf8 {[%clk 1:28:24]} Kxf8 {[%clk 1:05:45]} 12. O-O
{[%clk 1:21:25]} Ke7 {[%clk 0:56:59]} 13. Nb3 {[%clk 1:19:47]} Rc8
{[%clk 0:53:23]} 14. Rfc1 {[%clk 1:11:09]} Ra7 {[%clk 0:47:54]} 15. Nfxd4
{[%clk 1:03:01]} Bxg2 {[%clk 0:41:25]} 16. Kxg2 {[%clk 1:01:48]} Rac7
{[%clk 0:40:39]} 17. c5 {[%clk 0:55:05]} Ne4 {[%clk 0:39:31]} 18. Rab1
{[%clk 0:49:56]} Nc6 {[%clk 0:38:26]} 19. e3 {[%clk 0:46:50]} Ne5
{[%clk 0:34:04]} 20. f3 {[%clk 0:41:18]} Nxc5 {[%clk 0:33:11]} 21. Na5
{[%clk 0:41:34]} Ncd3 {[%clk 0:26:31]} 22. Rxc7 {[%clk 0:41:21]} Rxc7
{[%clk 0:26:33]} 23. Rb6 {[%clk 0:38:13]} Nc5 24. Kf2 1/2-1/2

[Event "Wroclaw Open"]
[Site "?"]
[Date "2017.08.16"]
[Round "3.17"]
[White "Szczepaniak, Lukasz"]
[Black "Ochman, Sebastian"]
[Result "1-0"]
[BlackElo "1748"]
[WhiteElo "2163"]
[LiveChessVersion "1.4.6"]

1. e4 {[%clk 1:30:57]} e5 {[%clk 1:30:47]} 2. Nf3 {[%clk 1:31:22]} Nc6
{[%clk 1:31:12]} 3. Bc4 {[%clk 1:31:48]} Be7 {[%clk 1:31:25]} 4. O-O
{[%clk 1:31:17]} Nf6 {[%clk 1:31:14]} 5. d3 {[%clk 1:30:49]} O-O {[%clk 1:30:25]}
6. Nc3 {[%clk 1:30:33]} d6 {[%clk 1:29:55]} 7. a4 {[%clk 1:30:44]} Bg4
{[%clk 1:28:55]} 8. h3 {[%clk 1:30:46]} Be6 {[%clk 1:28:34]} 9. Re1
{[%clk 1:27:01]} d5 {[%clk 1:05:47]} 10. exd5 {[%clk 1:25:17]} Nxd5
{[%clk 1:06:08]} 11. Bxd5 {[%clk 1:21:20]} Bxd5 {[%clk 1:06:26]} 12. Nxe5
{[%clk 1:21:11]} Nxe5 {[%clk 1:06:12]} 13. Rxe5 {[%clk 1:21:38]} Bc6
{[%clk 1:06:23]} 14. Qg4 {[%clk 1:09:38]} Bd6 {[%clk 0:52:23]} 15. Re1
{[%clk 1:04:39]} f5 {[%clk 0:47:55]} 16. Qc4+ {[%clk 1:03:59]} Kh8
{[%clk 0:48:24]} 17. Bf4 {[%clk 1:02:14]} Qh4 {[%clk 0:35:50]} 18. Bxd6
{[%clk 1:00:46]} Qg5 {[%clk 0:36:04]} 19. Bg3 {[%clk 0:58:07]} f4
{[%clk 0:36:28]} 20. h4 {[%clk 0:56:57]} Qg6 {[%clk 0:35:44]} 21. Re6
{[%clk 0:56:48]} Qf5 {[%clk 0:29:17]} 22. Bxf4 {[%clk 0:37:00]} Qxf4
{[%clk 0:28:12]} 23. Qxf4 {[%clk 0:37:26]} Rxf4 {[%clk 0:28:36]} 24. g3
{[%clk 0:37:50]} Rf3 {[%clk 0:27:50]} 25. Rae1 {[%clk 0:35:41]} Raf8
{[%clk 0:28:06]} 26. R1e2 {[%clk 0:36:00]} R3f7 {[%clk 0:26:31]} 27. Re7
{[%clk 0:36:01]} h6 {[%clk 0:26:13]} 28. Rxf7 {[%clk 0:35:50]} Rxf7
{[%clk 0:26:41]} 29. Re5 {[%clk 0:35:28]} Bf3 {[%clk 0:25:56]} 30. Nd5
{[%clk 0:33:25]} g5 {[%clk 0:22:58]} 31. Ne3 {[%clk 0:30:24]} gxh4
{[%clk 0:20:53]} 32. gxh4 {[%clk 0:30:53]} Bc6 {[%clk 0:21:04]} 33. b3
{[%clk 0:25:25]} Rf4 {[%clk 0:16:49]} 34. h5 {[%clk 0:24:39]} Bf3
{[%clk 0:15:40]} 35. Nf1 {[%clk 0:17:42]} b6 {[%clk 0:14:17]} 36. Nd2
{[%clk 0:14:52]} Bd1 {[%clk 0:12:47]} 37. c3 {[%clk 0:11:49]} Rf7
{[%clk 0:11:14]} 38. d4 {[%clk 0:07:29]} a5 {[%clk 0:09:46]} 39. f3
{[%clk 0:04:56]} Bxf3 {[%clk 0:08:09]} 40. Re8+ {[%clk 0:04:43]} Kg7
{[%clk 0:08:29]} 41. Nxf3 {[%clk 0:05:10]} Rxf3 {[%clk 0:08:52]} 42. Re7+
{[%clk 0:05:37]} Rf7 {[%clk 0:08:46]} 43. Re5 {[%clk 0:01:20]} Rf3
{[%clk 0:07:45]} 44. c4 {[%clk 0:00:35]} Kf6 {[%clk 0:07:27]} 45. Rb5
{[%clk 0:01:01]} Rd3 {[%clk 0:05:30]} 46. c5 {[%clk 0:01:13]} Rxd4
{[%clk 0:05:03]} 47. cxb6 {[%clk 0:01:35]} cxb6 {[%clk 0:04:32]} 48. Rxb6+
{[%clk 0:02:04]} Kg7 {[%clk 0:04:15]} 49. Kf2 {[%clk 0:01:38]} Rd3
{[%clk 0:02:11]} 50. Ke2 {[%clk 0:01:49]} Rh3 51. Rb5 Kf6 {[%clk 0:01:13]} 52.
Kd2 {[%clk 0:01:56]} Rh2+ {[%clk 0:00:41]} 53. Kc3 {[%clk 0:02:18]} Rh3+
{[%clk 0:01:06]} 54. Kb2 {[%clk 0:02:25]} Rh2+ {[%clk 0:01:22]} 55. Ka3
{[%clk 0:02:50]} Rg2 {[%clk 0:01:25]} 56. Rxa5 {[%clk 0:03:13]} Rg5
{[%clk 0:01:44]} 57. Rb5 {[%clk 0:03:07]} Ke6 {[%clk 0:00:00]} 1-0

[Event "Wroclaw Open"]
[Site "?"]
[Date "2017.08.16"]
[Round "3.18"]
[White "Beno, Milan"]
[Black "Zauner, Christoph"]
[Result "0-1"]
[BlackElo "2044"]
[WhiteElo "1691"]
[LiveChessVersion "1.4.6"]

1. e4 {[%clk 1:30:57]} e6 {[%clk 1:30:55]} 2. d4 {[%clk 1:31:13]} d5
{[%clk 1:31:19]} 3. Nd2 {[%clk 1:31:27]} Be7 {[%clk 1:31:42]} 4. Ngf3
{[%clk 1:30:01]} Nf6 {[%clk 1:31:55]} 5. e5 {[%clk 1:29:59]} Nfd7
{[%clk 1:32:20]} 6. c4 {[%clk 1:28:09]} c5 {[%clk 1:27:55]} 7. cxd5
{[%clk 1:23:42]} exd5 {[%clk 1:28:10]} 8. Bb5 {[%clk 1:14:54]} Nc6
{[%clk 1:25:34]} 9. Bxc6 {[%clk 1:11:38]} bxc6 {[%clk 1:26:02]} 10. Qa4
{[%clk 1:06:53]} Qb6 {[%clk 1:25:42]} 11. O-O {[%clk 1:04:11]} O-O
{[%clk 1:21:23]} 12. Nb3 {[%clk 0:51:30]} Ba6 {[%clk 1:14:31]} 13. Re1
{[%clk 0:49:58]} Bb5 {[%clk 1:11:14]} 14. Qa5 {[%clk 0:42:30]} c4
{[%clk 1:00:22]} 15. Qxb6 {[%clk 0:41:26]} axb6 {[%clk 1:00:51]} 16. Nbd2
{[%clk 0:41:10]} Bb4 {[%clk 0:59:33]} 17. Re3 {[%clk 0:40:18]} Rfe8
{[%clk 0:57:59]} 18. Nb1 {[%clk 0:38:17]} Ba4 {[%clk 0:53:19]} 19. Bd2
{[%clk 0:34:10]} Bxd2 {[%clk 0:51:45]} 20. Nbxd2 {[%clk 0:34:03]} Bc2
{[%clk 0:50:55]} 21. a3 {[%clk 0:32:04]} Nf8 {[%clk 0:50:52]} 22. Rc1
{[%clk 0:31:57]} Bf5 {[%clk 0:48:39]} 23. Nh4 {[%clk 0:29:51]} Bd3
{[%clk 0:48:32]} 24. Nhf3 {[%clk 0:29:55]} Ne6 {[%clk 0:47:21]} 25. Nb1
{[%clk 0:19:57]} b5 {[%clk 0:46:41]} 26. g3 {[%clk 0:15:37]} Reb8
{[%clk 0:45:51]} 27. b4 {[%clk 0:13:41]} Ra6 {[%clk 0:41:45]} 28. Rxd3
{[%clk 0:11:07]} cxd3 {[%clk 0:42:00]} 29. Rd1 {[%clk 0:11:28]} Nf8
{[%clk 0:37:04]} 30. Nfd2 {[%clk 0:09:49]} Nd7 {[%clk 0:35:39]} 31. Nb3
{[%clk 0:09:31]} Nb6 {[%clk 0:35:29]} 32. Nc5 {[%clk 0:04:18]} Ra7
{[%clk 0:35:45]} 33. Rxd3 {[%clk 0:02:30]} Nc4 {[%clk 0:35:56]} 34. f4
{[%clk 0:01:06]} Rba8 {[%clk 0:35:33]} 35. f5 Nxa3 36. Nxa3 Rxa3 37. e6 Rxd3 0-1

[Event "Wroclaw Open"]
[Site "?"]
[Date "2017.08.16"]
[Round "3.19"]
[White "Motyl, Tomasz"]
[Black "Galant, Ireneusz"]
[Result "1-0"]
[BlackElo "1739"]
[WhiteElo "2027"]
[LiveChessVersion "1.4.6"]

1. g3 e5 2. Bg2 d5 3. c4 c6 4. cxd5 cxd5 5. d4 e4 6. Nh3 Nc6 7. O-O Nf6 8. Bg5
Be7 9. Nc3 Be6 10. e3 O-O 11. Bxf6 Bxf6 12. f3 exf3 13. Qxf3 Re8 14. Nf4 Ne7 15.
Rae1 Qb6 16. Nfxd5 Nxd5 17. Nxd5 Bxd5 18. Qxd5 Rab8 19. Qb3 Qa5 20. Bd5 Re7 21.
Rd1 b5 22. e4 Qb6 23. Kg2 Bxd4 24. Bxf7+ Kh8 25. Bd5 Bf6 26. Qf3 Re5 27. Qg4 Rd8
28. Rc1 Qd4 29. Rf2 Rexd5 30. Rcc2 Rg5 31. Qf4 h6 32. Rc6 Rf8 33. Rd6 Qc4 34. Qe3
Re5 35. Rdxf6 Rxf6 36. Rxf6 Qxe4+ 37. Qxe4 Rxe4 38. Rf2 Kh7 39. Kf3 Rc4 40. Ke3
Kg6 41. Kd3 a5 42. Rf8 Rc5 43. Rd8 a4 44. Rd4 Rh5 45. Rd6+ Kf7 46. h4 Rc5 47. Rd4
g5 48. h5 Ke6 49. g4 Ke5 50. Re4+ Kd5 51. Rd4+ Kc6 52. Re4 Rd5+ 53. Kc3 Rd6 54.
b4 Rf6 55. Kd4 Kd6 56. Ke3 Rf1 57. Rd4+ Kc6 58. a3 Re1+ 59. Kd2 Ra1 60. Rd3 Ra2+
61. Ke3 Rg2 62. Kf3 Rh2 63. Ke4 Rf2 64. Ke5 Kc7 65. Rg3 Kd7 66. Kd5 Rc2 67. Rd3
Rc4 68. Ke5+ Ke7 69. Kf5 Rc6 70. Rd5 Rf6+ 71. Ke5 Re6+ 72. Kd4 Rd6 73. Kc5 Re6
74. Kxb5 Re4 75. Ka6 Ke6 76. Rd3 Rxg4 77. b5 Rg1 78. b6 Kf5 79. b7 Rb1 80. Rd5+
Kg4 81. Rb5 Rxb5 82. Kxb5 Kxh5 83. b8=Q Kg4 84. Qc8+ Kh4 85. Kxa4 h5 86. Qd8 Kg4
87. Qd4+ Kh3 88. Qe3+ Kh4 89. Qf2+ Kh3 90. Kb4 g4 91. a4 h4 92. a5 g3 93. Qg1 Kg4
94. a6 h3 95. a7 1-0

[Event "Wroclaw Open"]
[Site "?"]
[Date "2017.08.16"]
[Round "3.20"]
[White "Socha, Kamil"]
[Black "Jachym, Adam"]
[Result "0-1"]
[BlackElo "2005"]
[WhiteElo "1546"]
[LiveChessVersion "1.4.6"]

1. d4 {[%clk 1:30:53]} Nf6 {[%clk 1:30:53]} 2. Bf4 {[%clk 1:31:14]} g6
{[%clk 1:31:06]} 3. e3 {[%clk 1:31:32]} Bg7 {[%clk 1:31:24]} 4. Nd2
{[%clk 1:31:41]} O-O {[%clk 1:31:29]} 5. Ngf3 {[%clk 1:31:59]} d5
{[%clk 1:27:28]} 6. Bd3 {[%clk 1:32:12]} c5 {[%clk 1:26:36]} 7. c3
{[%clk 1:32:32]} b6 {[%clk 1:24:58]} 8. h4 {[%clk 1:29:47]} Bb7 {[%clk 1:20:14]}
9. h5 {[%clk 1:28:03]} Ne4 {[%clk 1:18:01]} 10. hxg6 {[%clk 1:27:01]} hxg6
{[%clk 1:18:03]} 11. Ng5 {[%clk 1:26:57]} e5 {[%clk 1:12:57]} 12. Bxe4
{[%clk 1:24:01]} exf4 {[%clk 1:12:09]} 13. Qg4 {[%clk 1:17:20]} dxe4
{[%clk 1:06:11]} 14. O-O-O {[%clk 1:06:53]} Nd7 {[%clk 1:02:14]} 15. Rh7
{[%clk 0:59:28]} Nf6 {[%clk 0:55:47]} 16. Qh4 {[%clk 0:58:59]} Re8
{[%clk 0:53:57]} 17. Rh1 {[%clk 0:46:25]} Nxh7 {[%clk 0:52:04]} 18. Qxh7+
{[%clk 0:46:14]} Kf8 {[%clk 0:52:24]} 19. Nxf7 {[%clk 0:37:38]} Kxf7
{[%clk 0:52:08]} 20. Rh6 {[%clk 0:37:51]} Qf6 {[%clk 0:52:00]} 21. Nc4
{[%clk 0:37:57]} cxd4 {[%clk 0:51:42]} 22. exd4 {[%clk 0:37:53]} f3
{[%clk 0:51:37]} 23. Ne5+ {[%clk 0:37:51]} Rxe5 {[%clk 0:51:52]} 24. dxe5
{[%clk 0:38:09]} Qf4+ {[%clk 0:52:10]} 0-1

[Event "Wroclaw Open"]
[Site "?"]
[Date "2017.08.16"]
[Round "3.21"]
[White "Van Der Veen, Ronald"]
[Black "Zamekhovskiy, Yevgen"]
[Result "1-0"]
[BlackElo "1707"]
[WhiteElo "2002"]
[LiveChessVersion "1.4.6"]

1. d4 d6 2. c4 e5 3. g3 exd4 4. Qxd4 Nc6 5. Qe3+ Qe7 6. Bg2 Nf6 7. Nf3 Bf5 8. O-O
Qxe3 9. Bxe3 Ng4 10. Bd2 O-O-O 11. b4 d5 12. c5 Nge5 13. Nh4 Be6 14. a3 Nc4 15.
Bc1 a5 16. Nd2 Nd4 17. Nxc4 Nxe2+ 18. Kh1 dxc4 19. Be3 a4 20. Nf3 Be7 21. Ng5
Bxg5 22. Bxg5 f6 23. Be3 Nc3 24. Rac1 Na2 25. Rc2 c3 26. Ra1 Rhe8 27. Bf3 Kb8 28.
Rcxa2 Bxa2 29. Rxa2 Rd3 30. Rc2 f5 31. Kg2 g5 32. Bxg5 Re1 33. Bc1 Kc8 34. g4
fxg4 35. Bxg4+ Kd8 36. Be2 Rd7 37. Bg5+ Ke8 38. Bh5+ Kf8 39. Bh6+ Kg8 40. Rxc3
Re5 41. Rf3 Rd8 42. Bf7+ Kh8 43. Rg3 1-0

[Event "Wroclaw Open"]
[Site "?"]
[Date "2017.08.16"]
[Round "3.22"]
[White "Gonsior, Pawel"]
[Black "Hetzer, Volkhard"]
[Result "0-1"]
[BlackElo "1980"]
[WhiteElo "1500"]
[LiveChessVersion "1.4.6"]

1. e4 e5 2. Nf3 Nc6 3. Bc4 Nf6 4. Ng5 d5 5. exd5 b5 6. Bxb5 Qxd5 7. Be2 Bb7 8.
Bf3 e4 9. Nxe4 Nxe4 10. d3 Qa5+ 11. c3 Ng5 12. Bxg5 Qxg5 13. Qb3 Qe5+ 14. Kf1
O-O-O 15. d4 Qf4 16. Na3 a6 17. Nc4 Be7 18. Ne5 Rd6 19. Nxf7 Rf8 20. Nxd6+ Bxd6
21. Qe6+ Kb8 22. Qe3 Qf5 23. Be4 Qh5 24. g3 Qh3+ 25. Bg2 Qf5 26. Rc1 Qb5+ 27. Qe2
Qxe2+ 28. Kxe2 Nxd4+ 29. cxd4 Bxg2 30. Rhg1 Bd5 31. a3 g5 32. Ke3 Rf3+ 33. Ke2
Rb3 34. Rc2 Bf3+ 35. Ke1 g4 36. Rf1 Bxa3 37. Kd2 Be7 38. Ra1 Be4 39. Rc3 Bb4 0-1

[Event "Wroclaw Open"]
[Site "?"]
[Date "2017.08.16"]
[Round "4.1"]
[White "Piotrowski, Przemyslaw"]
[Black "Omelja, Artem"]
[Result "0-1"]
[BlackElo "2411"]
[WhiteElo "2335"]
[LiveChessVersion "1.4.6"]

1. e4 {[%clk 1:27:15]} e5 {[%clk 1:30:21]} 2. Nf3 {[%clk 1:27:37]} Nc6
{[%clk 1:30:39]} 3. Bc4 {[%clk 1:27:51]} Bc5 {[%clk 1:30:49]} 4. Nc3
{[%clk 1:28:14]} Nf6 {[%clk 1:30:00]} 5. d3 {[%clk 1:28:39]} d6 {[%clk 1:30:18]}
6. Bg5 {[%clk 1:29:04]} h6 {[%clk 1:30:34]} 7. Bxf6 {[%clk 1:29:30]} Qxf6
{[%clk 1:30:49]} 8. Nd5 {[%clk 1:29:56]} Qd8 {[%clk 1:31:04]} 9. c3
{[%clk 1:30:22]} a6 {[%clk 1:31:21]} 10. d4 {[%clk 1:30:47]} exd4
{[%clk 1:31:37]} 11. cxd4 {[%clk 1:31:13]} Ba7 {[%clk 1:31:54]} 12. h3
{[%clk 1:31:38]} O-O {[%clk 1:32:11]} 13. O-O {[%clk 1:32:04]} Ne7
{[%clk 1:31:54]} 14. Re1 {[%clk 1:19:16]} c6 {[%clk 1:30:44]} 15. Nf4
{[%clk 1:06:34]} d5 {[%clk 1:27:37]} 16. exd5 {[%clk 1:06:55]} cxd5
{[%clk 1:27:30]} 17. Bb3 {[%clk 1:04:00]} Qd6 {[%clk 1:26:39]} 18. Re5
{[%clk 0:58:44]} Nc6 {[%clk 1:18:44]} 19. Nxd5 {[%clk 0:43:20]} Nxe5
{[%clk 0:55:08]} 20. dxe5 {[%clk 0:43:00]} Qd8 {[%clk 0:55:12]} 21. Qc2
{[%clk 0:35:48]} Be6 {[%clk 0:53:19]} 22. Nf6+ {[%clk 0:35:25]} gxf6
{[%clk 0:51:14]} 23. Bxe6 {[%clk 0:35:39]} Kg7 {[%clk 0:46:04]} 24. Bg4
{[%clk 0:19:00]} fxe5 {[%clk 0:40:50]} 25. Nxe5 {[%clk 0:19:23]} Qd4
{[%clk 0:40:40]} 26. Nd7 {[%clk 0:16:17]} Rac8 {[%clk 0:39:56]} 27. Qf5
{[%clk 0:16:30]} Qxb2 {[%clk 0:35:31]} 28. Rd1 {[%clk 0:14:14]} Rfe8
{[%clk 0:32:49]} 29. Bh5 {[%clk 0:14:07]} Re7 {[%clk 0:32:11]} 30. Rd6 Qxf2+
{[%clk 0:30:49]} 31. Qxf2 {[%clk 0:04:39]} Rc1+ {[%clk 0:30:45]} 0-1

[Event "Wroclaw Open"]
[Site "?"]
[Date "2017.08.16"]
[Round "4.2"]
[White "Sieciechowicz, Marcin"]
[Black "Vypkhaniuk, Ihor"]
[Result "1/2-1/2"]
[BlackElo "2333"]
[WhiteElo "2408"]
[LiveChessVersion "1.4.6"]

1. d4 {[%clk 1:23:15]} Nf6 {[%clk 1:29:23]} 2. c4 c5 {[%clk 1:29:51]} 3. d5
{[%clk 1:23:37]} e5 {[%clk 1:30:40]} 4. Nc3 {[%clk 1:22:56]} d6 {[%clk 1:31:08]}
5. e4 {[%clk 1:22:18]} Nbd7 {[%clk 1:31:28]} 6. Bd3 {[%clk 1:22:04]} Be7
{[%clk 1:29:41]} 7. Nge2 {[%clk 1:17:41]} h5 {[%clk 1:27:42]} 8. O-O
{[%clk 1:13:02]} h4 {[%clk 1:13:41]} 9. f3 {[%clk 1:10:27]} Nh5 {[%clk 1:13:02]}
10. Be3 {[%clk 1:07:37]} Bg5 11. Qd2 {[%clk 1:08:05]} Bxe3+ {[%clk 1:05:42]} 12.
Qxe3 {[%clk 1:00:15]} Qf6 {[%clk 0:59:42]} 13. f4 {[%clk 0:49:47]} Qh6
{[%clk 0:56:53]} 14. Nb5 {[%clk 0:38:05]} Ke7 {[%clk 0:51:25]} 15. Qc1
{[%clk 0:37:17]} exf4 {[%clk 0:48:22]} 16. Nxf4 {[%clk 0:35:05]} Ne5
{[%clk 0:48:12]} 17. Be2 {[%clk 0:35:24]} Nxf4 {[%clk 0:38:38]} 18. Rxf4
{[%clk 0:29:28]} Bd7 {[%clk 0:35:23]} 19. Nc3 {[%clk 0:29:07]} Ng6
{[%clk 0:33:16]} 20. Rf1 {[%clk 0:27:09]} Ne5 {[%clk 0:32:12]} 21. Rf4 Ng6
{[%clk 0:32:12]} 22. Rf1 {[%clk 0:27:33]} Ne5 {[%clk 0:31:47]} 23. Rf4 Ng6
1/2-1/2